000 00758nas a2200289 4500
001 BR9201091
003 BR-BrBNA
005 20231205092341.0
007 ta
008 230509b bl.|||p| |||| 00| 00por d
040 _aBR-BrBNA
_bpor
_cBiblioteca Nacional de Agricultura
041 _a(Pt)
072 _aF06
100 1 _aOliveira, M.J.F.
245 1 _aPreparo do terreno para forrageiras
650 _aSOLO
650 _aCULTIVO DO SOLO
650 _aPLANTA FORRAGEIRA
650 _aARADO
650 _aCALAGEM
650 _aGRADAGEM
650 _aADUBACAO
650 _aPRATICO
773 0 _tCerrado (Brazil)
_xISSN 0100-0578
_g(Sep 1972), v. 5(17) p. 4-6
_wBR9201091
909 _a202311
_bLúcia
_c55
_dLúcia Elande
942 _2AGRIS
_n0
_cANA
999 _c131116
_d131116